Scientific investigation on univariate quantitative methods

The aim of this book is tro deliver the reader with a book where they can discover a brief research idea in statistics and mathematics including a wide range of topics such as t-test, ANOVA, L-moment, centrality measure, Quintic Bezier Triangular Patches, and abelianess in Group Theory.

Saved in:
Bibliographic Details
Other Authors: Shamshuritawati Sharif (Editor), Sharipah Soaad Syed Yahya (Editor), Azizan Saaban (Editor)
Format: Book
Language:English
Published: Sintok Penerbit UUM 2016
Subjects:
Tags: Add Tag
No Tags, Be the first to tag this record!
Call Number :HA 32 .S354 2016

MARC

LEADER 00000nam a2200000 c 4500
001 103917
003 MY-KLNDU
005 20241220041825.0
008 221104 2016 my a bi 000 0 eng d
020 |a 9789670876757 
039 9 |a 202211041207  |b VLOAD  |c 201806251322  |d azraai  |y 201711221356  |z hasniza 
040 |a UPNM  |b eng  |c UPNM  |e rda 
090 |a HA 32  |b .S354 2016 
245 0 0 |a Scientific investigation on univariate quantitative methods  |c editors Shamshuritawati Sharif, Sharipah Soaad Syed Yahya, Azizan Saaban 
264 1 |a Sintok  |b Penerbit UUM  |c 2016 
300 |a xiii, 121 pages  |b illustrations  |c 27 cm 
336 |a text  |2 rdacontent 
337 |a unmediated  |2 rdamedia 
338 |a volume  |2 rdacarrier 
504 |a Includes bibliographical references and index 
505 0 |a Pseudo-median based procedure for comparing two independent groups -- A robust alternative to ANOVA -- Testing the equality of central tendency measures using the robust method with different trimming strategies -- Parameter and quantile estimation using partial L-moments: a case study of extreme event -- Minimal spanning tree and centrality measure -- Positivity-preseving scattered data interpolation using Quintic Triangular Bezier Patches -- Finding the abelianess in group theory by using the gap software 
520 |a The aim of this book is tro deliver the reader with a book where they can discover a brief research idea in statistics and mathematics including a wide range of topics such as t-test, ANOVA, L-moment, centrality measure, Quintic Bezier Triangular Patches, and abelianess in Group Theory. 
592 |a RT17/0440  |b 14/3/18  |c RM34.00  |h Ray Theme 
650 0 |a Social sciences  |x research  |x statistical methods 
650 0 |a Social sciences  |x Methodology 
650 0 |a Quantitative research 
700 0 |a Shamshuritawati Sharif  |e editor 
700 0 |a Sharipah Soaad Syed Yahya  |e editor 
700 0 |a Azizan Saaban  |e editor 
999 |a vtls000060325  |c 103917  |d 103917